000 00214 a2200109 4500
020 _a9780021780068
041 _aspa
100 _aMac millan, Mcgraw hill
245 _aPuerta del sol
942 _cBK
952 _71
999 _c18208
_d18208